The Documents from the Bar Kokhba period in the Cave of Letters : Hebrew, Aramaic and Nabatean-Aramaic Papyri /
مؤلف مشترك:
مؤلفون آخرون: , ,
التنسيق: كتاب
اللغة: English
منشور في:
Jerusalem :
Israel Exploration Society ; Hebrew University of Jerusalem : Shrine of the Book,
2002.
سلاسل:
Judean Desert studies.
الموضوعات:
الوسوم: إضافة وسم
رقم الطلب: ( F )DS110 .J8 D633 v.1-2
| LEADER | 01886nam a2200325Ia 4500 | ||
|---|---|---|---|
| 003 | OSt | ||
| 005 | 20240730121415.0 | ||
| 008 | 900324s2002 is a b 001 0 eng d | ||
| 952 | |0 0 |1 0 |2 lcc |3 V.1 |4 0 |7 1 |9 43981 |a ARCE |b ARCE |d 2022-11-24 |l 0 |o ( F )DS110 .J8 D633 v.1-2 |p 1032833 |r 2022-11-24 00:00:00 |w 2022-11-24 |y BK | ||
| 952 | |0 0 |1 0 |2 lcc |3 V.2 |4 0 |7 1 |9 61431 |a ARCE |b ARCE |d 2024-02-08 |l 0 |o ( F )DS110 .J8 D633 v.1-2 |p 1032834 |r 2024-02-08 00:00:00 |w 2024-02-08 |y BK | ||
| 999 | |c 50438 |d 50438 | ||
| 020 | |a 9652210463 | ||
| 040 | |c ARCE Library | ||
| 050 | 4 | |a ( F )DS110 .J8 D633 v.1-2 | |
| 245 | 0 | 4 | |a The Documents from the Bar Kokhba period in the Cave of Letters : |b Hebrew, Aramaic and Nabatean-Aramaic Papyri / |c edited by Yigael Yadin ... [et al.] ; with additional contributions by Hannah M. Cotton and Joseph Naveh ; research editor Andrew Gross ; consulting editors Hannah M. Cotton ... [et al.]. |
| 264 | 1 | |a Jerusalem : |b Israel Exploration Society ; |b Hebrew University of Jerusalem : |b Shrine of the Book, |c 2002. | |
| 300 | |a 2 v. : |b ill. ; |c 32 cm. | ||
| 490 | 0 | |a Judean Desert studies. | |
| 500 | |a "Over forty years have passed since the discovery of the artifacts and documents in the Cave of Letters in Naḥal Ḥever by the Yigael Yadin expedition. We have succeeded only now in concluding the publication of these discoveries with this, the long-awaited third and final volume in this series"--P IX., | ||
| 504 | |a Includes bibliographical references (v. 1, p. 411-422) and index. | ||
| 600 | 0 | 0 | |a Bar Kokhba, |d d. 135. |
| 650 | 0 | |a Manuscripts, Aramaic (Papyri) | |
| 650 | 0 | |a Manuscripts, Hebrew (Papyri) | |
| 651 | 0 | |a Judaea, Wilderness of -- Antiquities. | |
| 700 | 1 | |a Yadin, Yigael, |d 1917-1984. | |
| 700 | 1 | |a Cotton, Hannah. | |
| 700 | 1 | |a Gross, Andrew. | |
| 710 | 2 | |a Ḥevrah la-ḥaḳirat Erets-Yiśraʼel ṿe-ʻatiḳoteha. | |
| 901 | |a reviewed | ||
| 942 | |2 lcc |c BK | ||
